000 01437naa a22003617a 4500
001 BR8104979
003 BR-BrBNA
005 20240918174814.0
007 ta
008 230509b bl.||||| |||| 00| 0 por d
040 _aBR-BrBNA
_bpor
_cBiblioteca Nacional de Agricultura
041 _a(Pt)
072 _aP12; P10
_b/G514
_bGZ35
_bGZ65
090 _aP12 BR8104979
100 1 _aBarreto, L.A.L.
100 1 _aDantas, H.M.G.
100 1 _aAlbuquerque, F.C.C.
100 1 _aFroitzheim, A.
111 1 _a4. Simposio Brasileiro de Hidrologia e Recursos Hidricos
_cFortaleza, CE (Brazil)
_d15 Nov 1981
245 1 _aSimulacao hidraulica das bacias dos rios Iguacu e Parana para enchimento do reservatorio de Itaipu [Brasil]
260 3 _aSao Paulo, SP (Brasil):
_c1981.
500 _aAnais do 4. Simposio Brasileiro de Hidrologia e Recursos Hidricos. v. 2: uso racional e preservacao de recursos hidricos Sao Paulo, SP (Brasil): 1981. p. 375-396 (BR8104979-AM)P12
650 _aRECURSO HIDRICO
650 _aHIDRAULICA
650 _aRESERVATORIO DE AGUA
650 _aBACIA HIDROGRAFICA
650 _aRIO IGUACU
650 _aRIO PARANA
650 _aPARANA
773 0 _tAnais do 4. Simposio Brasileiro de Hidrologia e Recursos Hidricos. v. 2: uso racional e preservacao de recursos hidricos
_wP12 BR8104979
_gSao Paulo, SP (Brasil), 1981. p. 375-396
909 _a202404
_bLucia
_c55
_dLucia Elande
942 _cAM
_2AGRIS
999 _c313711
_d313711